Statistics for Biggest 5 Municipalities in Japanese Prefectures #2 - Kansai

Click here to take the quiz!

General Stats

  • This quiz has been taken 10 times
  • The average score is 12 of 35

Answer Stats

PrefectureAnswer% Correct
OsakaOsaka
100%
HyogoKobe
100%
WakayamaWakayama
100%
KyotoKyoto
100%
NaraNara
100%
OsakaSakai
83%
ShigaOtsu
67%
HyogoAmagasaki
67%
MieTsu
67%
HyogoHimeji
50%
HyogoAkashi
50%
OsakaHirakata
50%
OsakaHigashiosaka
50%
HyogoNishinomiya
50%
MieYokkaichi
33%
ShigaHikone
33%
KyotoUji
33%
OsakaToyonaka
33%
MieSuzuka
33%
NaraKashihara
17%
MieKuwana
17%
ShigaKusatsu
0%
ShigaHigashiomi
0%
MieMatsusaka
0%
NaraIkoma
0%
WakayamaKainan
0%
WakayamaKinokawa
0%
WakayamaHashimoto
0%
WakayamaTanabe
0%
NaraKashiba
0%
NaraYamatokoriyama
0%
KyotoFukuchiyama
0%
KyotoMaizaru
0%
KyotoKameoka
0%
ShigaKoka
0%

Score Distribution

Percentile by Number Answered

Percent of People with Each Score

Your Score History

You have not taken this quiz